000 00698nam a22002177a 4500
999 _c14896
_d14896
003 MIRAKIL
005 20220426122709.0
008 220426b tu ||||| |||| 00| 0 tur d
020 _a9786055202149
040 _aTR-AnCHP
_btur
_cTR-AnCHP
041 _atur
082 _a342.090263
_bK26b 2015
100 1 _aKaraarslan, Erkan
245 _aBelediye mevzuatı/
_cYayına hazırlayan: Erkan Karaarslan.
260 _aAntalya;
_bBEKAD yayınları,
_c2015.
300 _a348 s.:
_btbl.;
_c24 sm.
504 _aKaynakça vardır.
650 _aYerel yönetimler
_xBelediyeler
_yTürkiye
_zHukuk ve mevzuat
650 _aİdare hukuku
_xYerel yönetimler
_yTürkiye
_zHukuk ve mevzuat
942 _2ddc
_cBKS